A feladatlapos módszer pedagógiai-pszichológiai elemzése

Elmentve itt :
Bibliográfiai részletek
Szerző: Varsányi Zoltán
További közreműködők: nincs megadva (Témavezető)
Dokumentumtípus: Szakdolgozat
Tárgyszavak:
Online Access:http://diploma.bibl.u-szeged.hu/57082
LEADER 00545nta a2200145 i 4500
001 dipl57082
005 20160511154042.0
008 160511suuuu hu om 0|| hun d
040 |a SZTE Diploma Repozitórium  |b hun 
041 |a hun 
100 1 |a Varsányi Zoltán 
245 1 2 |a A feladatlapos módszer pedagógiai-pszichológiai elemzése  |h [elektronikus dokumentum] /  |c Zoltán Varsányi 
650 4 |a Bölcsészettudományok 
700 1 |a nincs megadva  |e ths 
856 4 0 |u http://diploma.bibl.u-szeged.hu/id/eprint/57082/1/xxxx_varsanyi_zoltan.pdf  |z Dokumentum-elérés